| 000 | 00482nam a22001577a 4500 | ||
|---|---|---|---|
| 999 |
_c525987 _d525987 |
||
| 003 | NUST | ||
| 038 | _aM. Shaban | ||
| 082 |
_a297.04 _bMIR |
||
| 100 |
_aMirza Tahir Ahmad _916936 |
||
| 245 |
_aIslam aor asar hazar ke msail ka hal / _cMirza Tahir Ahmad |
||
| 260 |
_aChenab Nagar : _bZia ul Islam, |
||
| 300 | _a314 p. ; | ||
| 880 |
_6100-01\r _aمرزا طاہر احمد |
||
| 880 |
_6245-02\r _aاسلام اور عصرِ حاضر کے مسائل کا حل / |
||
| 942 |
_2ddc _cBK |
||